00534nam a22001937a 450000500170000001000140001702000250003103500130005603700130006908200160008210000220009824500690012026000390018927000140022830000220024250000400026465000140030465000220031820100812114028.0 aENG-99857 a9788182647466c95.00 aEN-83389 bDBAD/PUB a320.5310954 aGeorge, Varughese aSocialist movement in travancore - cochin /cby Varughese George aKozhikodebMathrubhumi Booksc2009 bKozhikode a155p.c21cm (pbk) aIncludes bibliographical references aSocialism aPolitical science